| 000 | 00390nam a2200109Ia 4500 | ||
|---|---|---|---|
| 008 | 170221s9999 xx 000 0 und d | ||
| 100 | _aKyle Rozema | ||
| 245 | _aModifying RAND Commitments to Better Price Patents in the Standards Setting Context | ||
| 245 | _cKyle Rozema | ||
| 650 | _xBusiness | ||
| 856 | _uhttp://digitalcommons.pepperdine.edu/cgi/viewcontent.cgi?article=1086&context=jbel | ||
| 999 |
_c307745 _d307745 |
||